| 000 | 00495nam a2200193Ia 4500 | ||
|---|---|---|---|
| 008 | 191130s2010##################000#0#eng## | ||
| 020 | _a9781616142421 | ||
| 022 | _a2010020718 | ||
| 040 |
_aACL _cACL |
||
| 082 | _a813.6 SYK | ||
| 100 | _aSykes, Sam | ||
| 245 |
_aTome of the undergates _cby Sam Sykes |
||
| 260 |
_aAmherst, NY _bPyr _c2010 |
||
| 300 | _a487 p. ; 23 cm | ||
| 650 | _aFantasy fiction | ||
| 990 | _adedbe627ac10000c03b451551a570f0b | ||
| 991 | _a370963 | ||
| 999 |
_c402609 _d402609 |
||